[Event "St Petersburg rapid"]
[Site "St Petersburg"]
[Date "2019.08.24"]
[Round "3"]
[White "Chigaev, Maksim"]
[Black "Goltsov, Denis"]
[Result "1-0"]
[WhiteElo "2643"]
[BlackElo "2349"]
[PlyCount "72"]
[EventDate "2019.08.24"]
[EventType "swiss (rapid)"]
[EventRounds "11"]
[EventCountry "RUS"]
[SourceTitle "EXT 2020"]
[Source "ChessBase"]
[SourceDate "2019.10.17"]
[SourceVersion "1"]
[SourceVersionDate "2019.10.17"]
[SourceQuality "1"]

1. e4 e6 2. d4 d5 3. Bd3 Nc6 4. Nf3 g6 5. c3 Bg7 6. 0-0 Nh6 7. exd5 Qxd5 8. Bf4 Qd8 9. Na3 0-0 10. Nc4 f6 11. Qc2 Nf7 12. Rfe1 Re8 13. h3 Qd7 14. Rad1 Ne7 15. Bh2 b6 16. Be4 c6 17. a4 Bb7 18. a5 Ba6 19. Bd3 b5 20. Ncd2 Bb7 21. Ne4 Nd5 22. Nc5 Qc8 23. Nd2 Bf8 24. Ndb3 a6 25. Re2 Kg7 26. Rde1 Nd8 27. Be4 Ra7 28. h4 Ba8 29. h5 Ne7 30. Bd3 Nf5 31. hxg6 hxg6 32. Re4 Kg8 33. Qe2 Rh7 34. Rg4 Kf7 35. Rxg6 e5 36. Qg4 Nh4 1-0

[Event "Serpukhov Lushki-B"]
[Site "Serpukhov"]
[Date "2004.11.30"]
[Round "17"]
[White "Goltsov, Denis"]
[Black "Tkachenko, Evgeny D"]
[Result "1-0"]
[WhiteElo "2296"]
[BlackElo "2107"]
[PlyCount "43"]
[EventDate "2004.11.19"]
[EventType "tourn"]
[EventRounds "17"]
[EventCountry "RUS"]
[EventCategory "1"]
[SourceTitle "CBM 103 Extra"]
[Source "ChessBase"]
[SourceDate "2005.01.01"]
[SourceVersion "1"]
[SourceVersionDate "2005.01.01"]
[SourceQuality "1"]

1. Nf3 Nf6 2. c4 c5 3. g3 g6 4. Bg2 Bg7 5. 0-0 0-0 6. Nc3 Nc6 7. d4 cxd4 8. Nxd4 Nxd4 9. Qxd4 d6 10. Bg5 a6 11. Rfd1 Qc7 12. Rac1 Be6 13. b3 Rab8 14. Qd2 Rfc8 15. Nd5 Bxd5 16. cxd5 Qd7 17. Be3 b5 18. Bd4 Rxc1 19. Rxc1 Rc8 20. Rc6 Nxd5 21. Rxc8+ Qxc8 22. Bxg7 1-0

[Event "Serpukhov Lushki-B"]
[Site "Serpukhov"]
[Date "2004.11.28"]
[Round "13"]
[White "Goltsov, Denis"]
[Black "Masyagutova, Leisan"]
[Result "1-0"]
[WhiteElo "2296"]
[BlackElo "2026"]
[PlyCount "69"]
[EventDate "2004.11.19"]
[EventType "tourn"]
[EventRounds "17"]
[EventCountry "RUS"]
[EventCategory "1"]
[SourceTitle "CBM 103 Extra"]
[Source "ChessBase"]
[SourceDate "2005.01.01"]
[SourceVersion "1"]
[SourceVersionDate "2005.01.01"]
[SourceQuality "1"]

1. d4 Nf6 2. c4 c5 3. d5 b5 4. cxb5 a6 5. Nc3 axb5 6. e4 Qa5 7. e5 Ne4 8. Bd2 Nxc3 9. Bxc3 b4 10. Bd2 Ba6 11. Bxa6 Qxa6 12. Ne2 g6 13. 0-0 Bg7 14. f4 0-0 15. Be1 d6 16. Bh4 Ra7 17. Ng3 dxe5 18. f5 Qc4 19. Bg5 Rd8 20. Qf3 f6 21. b3 Qb5 22. fxg6 hxg6 23. Be3 Rad7 24. Rad1 f5 25. Nxf5 gxf5 26. Qxf5 Qe2 27. Rde1 Qa6 28. Qf7+ Kh8 29. Rf3 Rd6 30. Rh3+ Bh6 31. Qxe7 Rg8 32. Qxe5+ Kh7 33. Qf5+ Kh8 34. Bxc5 Nd7 35. Bd4+ 1-0

[Event "Serpukhov Lushki-B"]
[Site "Serpukhov"]
[Date "2004.11.26"]
[Round "11"]
[White "Goltsov, Denis"]
[Black "Nebolsina, Vera"]
[Result "1/2-1/2"]
[WhiteElo "2296"]
[BlackElo "2218"]
[PlyCount "45"]
[EventDate "2004.11.19"]
[EventType "tourn"]
[EventRounds "17"]
[EventCountry "RUS"]
[EventCategory "1"]
[SourceTitle "CBM 103 Extra"]
[Source "ChessBase"]
[SourceDate "2005.01.01"]
[SourceVersion "1"]
[SourceVersionDate "2005.01.01"]
[SourceQuality "1"]

1. d4 d5 2. c4 c6 3. Nc3 Nf6 4. e3 a6 5. Nf3 b5 6. cxd5 cxd5 7. Bd3 Bg4 8. e4 dxe4 9. Nxe4 Nxe4 10. Bxe4 Ra7 11. a4 bxa4 12. 0-0 g6 13. Bf4 Bg7 14. Qxa4+ Bd7 15. Qb4 Bb5 16. Bxb8 Qxb8 17. Bc6+ Kf8 18. Bxb5 axb5 19. Rxa7 Qxa7 20. d5 Qa4 21. Rc1 Bf6 22. Qxa4 bxa4 23. Rc4 1/2-1/2

[Event "Serpukhov Lushki-B"]
[Site "Serpukhov"]
[Date "2004.11.22"]
[Round "6"]
[White "Goltsov, Denis"]
[Black "Kulago, Alexander"]
[Result "1-0"]
[WhiteElo "2296"]
[BlackElo "2095"]
[PlyCount "125"]
[EventDate "2004.11.19"]
[EventType "tourn"]
[EventRounds "17"]
[EventCountry "RUS"]
[EventCategory "1"]
[SourceTitle "CBM 103 Extra"]
[Source "ChessBase"]
[SourceDate "2005.01.01"]
[SourceVersion "1"]
[SourceVersionDate "2005.01.01"]
[SourceQuality "1"]

1. d4 d5 2. c4 e6 3. Nf3 Nf6 4. g3 b6 5. Bg2 Bb7 6. Ne5 Be7 7. 0-0 0-0 8. Nc3 Na6 9. Nd3 c5 10. Nf4 Ne4 11. cxd5 Nxc3 12. bxc3 cxd4 13. Qxd4 Bf6 14. Qd2 Qc8 15. Bb2 Rd8 16. e4 Nc5 17. Nh5 Be7 18. c4 f6 19. Bh3 Kh8 20. Qe2 Qc7 21. e5 exd5 22. exf6 gxf6 23. Nxf6 d4 24. Nd5 Rxd5 25. cxd5 Bf6 26. Rfd1 Qg7 27. Qg4 d3 28. Qxg7+ Bxg7 29. Bxg7+ Kxg7 30. Bf5 Bxd5 31. Bxd3 Bf3 32. Re1 Rd8 33. Bf1 Kf6 34. Be2 Bb7 35. Rad1 Re8 36. f3 Re3 37. Kf2 Ra3 38. Bc4 Rxf3+ 39. Ke2 Rc3 40. Rc1 Ra3 41. Rf1+ Ke5 42. Rf7 Be4 43. Rd1 Rc3 44. Bb3 a5 45. Ra7 Bf3+ 46. Ke1 Bxd1 47. Kxd1 Rd3+ 48. Kc2 Rd7 49. Rxd7 Nxd7 50. Kc3 b5 51. Bc2 h6 52. Bd3 b4+ 53. Kc4 Kd6 54. Kb5 Nc5 55. Bc2 Ne6 56. Kxa5 Kc5 57. g4 Nd4 58. Bd1 Nc6+ 59. Ka4 Ne5 60. h4 Ng6 61. g5 hxg5 62. hxg5 Ne5 63. Bc2 1-0

[Event "Serpukhov-C"]
[Site "Serpukhov"]
[Date "2004.09.02"]
[Round "12"]
[White "Bashkite, Viktoria"]
[Black "Goltsov, Denis"]
[Result "1/2-1/2"]
[WhiteElo "2131"]
[BlackElo "2276"]
[PlyCount "41"]
[EventDate "2004.08.26"]
[EventType "tourn"]
[EventRounds "13"]
[EventCountry "RUS"]
[EventCategory "1"]
[SourceTitle "EXT 2006"]
[Source "ChessBase"]
[SourceDate "2005.11.24"]
[SourceVersion "1"]
[SourceVersionDate "2005.11.24"]
[SourceQuality "1"]

1. e4 e5 2. Nf3 Nc6 3. Nc3 Nf6 4. d4 exd4 5. Nxd4 Bb4 6. Nxc6 bxc6 7. Bd3 d5 8. exd5 cxd5 9. 0-0 0-0 10. Bg5 c6 11. Qf3 Be7 12. h3 Be6 13. Rfe1 Nd7 14. Bxe7 Qxe7 15. Ne2 Qd6 16. Nd4 Rfe8 17. Re2 Nf6 18. Rae1 Bd7 19. Nf5 Bxf5 20. Qxf5 g6 21. Rxe8+ 1/2-1/2

[Event "Serpukhov-C"]
[Site "Serpukhov"]
[Date "2004.08.29"]
[Round "4"]
[White "Musaev, Mansur"]
[Black "Goltsov, Denis"]
[Result "1/2-1/2"]
[WhiteElo "2225"]
[BlackElo "2276"]
[PlyCount "28"]
[EventDate "2004.08.26"]
[EventType "tourn"]
[EventRounds "13"]
[EventCountry "RUS"]
[EventCategory "1"]
[SourceTitle "EXT 2006"]
[Source "ChessBase"]
[SourceDate "2005.11.24"]
[SourceVersion "1"]
[SourceVersionDate "2005.11.24"]
[SourceQuality "1"]

1. e4 e5 2. Nf3 Nc6 3. Bb5 a6 4. Ba4 Nf6 5. 0-0 Nxe4 6. d4 b5 7. Bb3 d5 8. dxe5 Be6 9. c3 Bc5 10. Nbd2 0-0 11. Qe2 Bf5 12. Nxe4 dxe4 13. Ng5 Nxe5 14. Nxe4 Qd3 1/2-1/2

[Event "RUS Central Region-ch"]
[Site "Tula"]
[Date "2004.03.21"]
[Round "8"]
[White "Goltsov, Denis"]
[Black "Vorobjov, Denis S"]
[Result "1/2-1/2"]
[WhiteElo "2276"]
[BlackElo "2138"]
[PlyCount "88"]
[EventDate "2004.03.14"]
[EventType "swiss"]
[EventRounds "9"]
[EventCountry "RUS"]
[SourceTitle "EXT 2005"]
[Source "ChessBase"]
[SourceDate "2004.11.15"]
[SourceVersion "1"]
[SourceVersionDate "2004.11.15"]
[SourceQuality "1"]

1. d4 Nf6 2. c4 g6 3. Nc3 d5 4. cxd5 Nxd5 5. Na4 Bg7 6. e4 Nb6 7. Be3 Nxa4 8. Qxa4+ Bd7 9. Qb3 Nc6 10. Rd1 0-0 11. d5 Na5 12. Qa3 b6 13. Nf3 c5 14. dxc6 Nxc6 15. Ba6 Qc7 16. Rc1 Bc8 17. Bb5 Bb7 18. 0-0 e5 19. h4 a6 20. Bc4 Nd4 21. Bxd4 exd4 22. Ng5 Qd7 23. Qb3 Rae8 24. Qxb6 h6 25. Nxf7 Rxf7 26. f3 Kh7 27. Bxf7 Qxf7 28. Rc7 Re7 29. Rxe7 Qxe7 30. g3 d3 31. Kg2 Qd7 32. Rd1 Bc8 33. g4 h5 34. Qe3 hxg4 35. Rxd3 gxf3+ 36. Qxf3 Qe6 37. h5 Bb7 38. hxg6+ Qxg6+ 39. Kf1 Bxe4 40. Qh3+ Kg8 41. Qc8+ Bf8 42. Qc4+ Qf7+ 43. Qxf7+ Kxf7 44. Rd4 Bc6 1/2-1/2

[Event "RUS Central Region-ch"]
[Site "Tula"]
[Date "2004.03.18"]
[Round "5"]
[White "Goltsov, Denis"]
[Black "Okrugin, Sergey"]
[Result "1/2-1/2"]
[WhiteElo "2276"]
[BlackElo "2395"]
[PlyCount "98"]
[EventDate "2004.03.14"]
[EventType "swiss"]
[EventRounds "9"]
[EventCountry "RUS"]
[SourceTitle "EXT 2005"]
[Source "ChessBase"]
[SourceDate "2004.11.15"]
[SourceVersion "1"]
[SourceVersionDate "2004.11.15"]
[SourceQuality "1"]

1. d4 Nf6 2. c4 e6 3. g3 d5 4. Bg2 Be7 5. Nf3 0-0 6. 0-0 dxc4 7. Qc2 a6 8. Qxc4 b5 9. Qc2 Bb7 10. Bd2 Be4 11. Qc1 Qc8 12. Nc3 Bb7 13. Bg5 Nbd7 14. Rd1 c5 15. Ne5 Bxg2 16. Kxg2 cxd4 17. Bxf6 Bxf6 18. Nxd7 Qxd7 19. Ne4 Be7 20. Qf4 Rac8 21. Rac1 f6 22. g4 e5 23. Qf5 Qxf5 24. gxf5 g6 25. Ng3 Rfd8 26. Kf3 Rc4 27. Rxc4 bxc4 28. Ke4 Rb8 29. Rd2 c3 30. bxc3 dxc3 31. Rc2 Bb4 32. Kd3 Rd8+ 33. Kc4 a5 34. Kb3 Rd2 35. Rxd2 cxd2 36. Kc2 gxf5 37. Nxf5 Kf7 38. Ne3 Ke6 39. Nc4 Kf5 40. a3 Bc5 41. f3 Kg5 42. Kxd2 Kh4 43. Nxa5 Bxa3 44. Ke3 Kh3 45. Ke4 Kxh2 46. f4 Kg3 47. Nc4 Bc1 48. fxe5 fxe5 49. Nxe5 h5 1/2-1/2

[Event "RUS Central Region-ch"]
[Site "Tula"]
[Date "2004.03.14"]
[Round "1"]
[White "Tishin, Petr"]
[Black "Goltsov, Denis"]
[Result "1/2-1/2"]
[WhiteElo "2477"]
[BlackElo "2276"]
[PlyCount "107"]
[EventDate "2004.03.14"]
[EventType "swiss"]
[EventRounds "9"]
[EventCountry "RUS"]
[SourceTitle "EXT 2005"]
[Source "ChessBase"]
[SourceDate "2004.11.15"]
[SourceVersion "1"]
[SourceVersionDate "2004.11.15"]
[SourceQuality "1"]

1. e4 e5 2. Nf3 Nc6 3. Bc4 Nf6 4. d3 Bc5 5. c3 d6 6. 0-0 Bb6 7. Bb3 0-0 8. Nbd2 Be6 9. Nc4 h6 10. h3 Na5 11. Nxb6 Bxb3 12. axb3 axb6 13. b4 Nc6 14. Rxa8 Qxa8 15. Nh4 Qd8 16. f4 Nxe4 17. Qe1 Nf6 18. b5 Ne7 19. fxe5 Ne8 20. d4 dxe5 21. dxe5 Qd3 22. Kh2 Qxb5 23. Nf5 Nxf5 24. Rxf5 Nd6 25. c4 Nxc4 26. Qf1 Qd5 27. Rh5 Re8 28. Bf4 Nxe5 29. Qf2 Qe4 30. Qg3 Ng6 31. Bxc7 Re6 32. Rb5 Nh4 33. Rxb6 Nf5 34. Rxe6 Nxg3 35. Rxe4 Nxe4 36. g3 f6 37. Kg2 Kf7 38. h4 Ke6 39. Kf3 Nd2+ 40. Kf4 Nc4 41. b3 Nd2 42. b4 Nc4 43. h5 Ne5 44. b5 Nd3+ 45. Ke4 Nb4 46. g4 Nd5 47. Ba5 Ne7 48. Bc3 Nc8 49. Kf4 Nd6 50. b6 Nc4 51. Bd4 Kd5 52. Bf2 Nd6 53. Be3 Ke6 54. Bf2 1/2-1/2